|
|
|
|
| LEADER |
02803nam a2200709 i 4500 |
| 001 |
nkc20172909536 |
| 003 |
CZ PrNK |
| 005 |
20171026094545.0 |
| 007 |
ta |
| 008 |
170724s2017 xr a f 001 0 cze |
| 015 |
|
|
|a cnb002909536
|
| 020 |
|
|
|a 978-80-7331-410-1
|q (brožováno)
|
| 035 |
|
|
|a (OCoLC)1005720833
|
| 040 |
|
|
|a BOA001
|b cze
|e rda
|
| 041 |
0 |
|
|a cze
|a eng
|b eng
|
| 043 |
|
|
|a e------
|
| 045 |
|
|
|a y0y1
|
| 072 |
|
7 |
|a 792
|x Divadlo. Divadelní představení
|2 Konspekt
|9 3
|
| 080 |
|
|
|a 821(4)-2
|2 MRF
|
| 080 |
|
|
|a 792
|2 MRF
|
| 080 |
|
|
|a 792.01/.09
|2 MRF
|
| 080 |
|
|
|a 82.07
|2 MRF
|
| 080 |
|
|
|a (4)
|2 MRF
|
| 080 |
|
|
|a (048.8:082)
|2 MRF
|
| 080 |
|
|
|a (062.534)
|2 MRF
|
| 245 |
0 |
0 |
|a Horizonty evropského dramatu :
|b současný divadelní text mezi dramatickými a postdramatickými tendencemi /
|c Zuzana Augustová, Jan Jiřík, Daniela Jobertová (eds.)
|
| 250 |
|
|
|a Vydání první
|
| 264 |
|
1 |
|a V Praze :
|b NAMU,
|c 2017
|
| 300 |
|
|
|a 331 stran :
|b barevné ilustrace ;
|c 22 cm
|
| 336 |
|
|
|a text
|b txt
|2 rdacontent
|
| 337 |
|
|
|a bez média
|b n
|2 rdamedia
|
| 338 |
|
|
|a svazek
|b nc
|2 rdacarrier
|
| 490 |
1 |
|
|a Black-box ;
|v 2
|
| 504 |
|
|
|a Obsahuje bibliografie, bibliografické odkazy a rejstřík
|
| 546 |
|
|
|a Částečně anglický text, anglické resumé
|
| 550 |
|
|
|a Vydavatel: Akademie múzických umění v Praze
|
| 648 |
|
4 |
|a 2000-2015
|
| 648 |
|
7 |
|a 21. století
|7 ch460559
|2 czenas
|
| 650 |
0 |
7 |
|a evropské drama
|7 ph120070
|y 21. století
|2 czenas
|
| 650 |
0 |
7 |
|a divadlo
|7 ph119513
|z Evropa
|y 21. století
|2 czenas
|
| 650 |
0 |
7 |
|a divadelní věda
|7 ph162913
|z Evropa
|y 21. století
|2 czenas
|
| 650 |
0 |
7 |
|a interpretace a přijetí literárního díla
|7 ph137145
|2 czenas
|
| 650 |
0 |
9 |
|a European drama
|y 21st century
|2 eczenas
|
| 650 |
0 |
9 |
|a theater
|z Europe
|y 21st century
|2 eczenas
|
| 650 |
0 |
9 |
|a theatrology
|z Europe
|y 21st century
|2 eczenas
|
| 650 |
0 |
9 |
|a interpretation and reception of literature
|2 eczenas
|
| 655 |
|
7 |
|a kolektivní monografie
|7 fd501537
|2 czenas
|
| 655 |
|
7 |
|a sborníky konferencí
|7 fd133333
|2 czenas
|
| 655 |
|
9 |
|a collective monographs
|2 eczenas
|
| 655 |
|
9 |
|a proceedings of conferences
|2 eczenas
|
| 700 |
1 |
|
|a Augustová, Zuzana,
|d 1963-
|7 xx0009513
|4 edt
|
| 700 |
1 |
|
|a Jiřík, Jan,
|d 1977-
|7 ola2010548247
|4 edt
|
| 700 |
1 |
|
|a Jobertová, Daniela,
|d 1971-
|7 xx0032272
|4 edt
|
| 710 |
2 |
|
|a Akademie múzických umění v Praze
|7 kn20010709005
|4 isb
|
| 830 |
|
0 |
|a Black-box
|0 s
|
| 910 |
2 |
|
|a BOA001
|b 2-1393.218
|
| 928 |
9 |
|
|a Nakladatelství Akademie múzických umění v Praze
|
| 990 |
|
|
|a BK
|
| 995 |
|
|
|a 01
|
| 991 |
|
|
|b 201708
|c NOV
|
| 996 |
6 |
|
|b 2610717014
|c 2-1393.218
|l MZK
|r Sklad / do 1 hodiny
|n 6
|p p.v.
|w 001626222
|u 000010
|a 1
|e BOA001
|j MZK50
|s P
|
| 996 |
7 |
|
|b 2610717516
|c 2-1393.218
|l MZK
|r Sklad / do 1 hodiny
|n 13
|p kup
|w 001626222
|u 000020
|a 1
|e BOA001
|j MZK50
|s A
|